• 首页
  • 本馆介绍
  • 公告通知
  • 最新文献
  • 馆藏检索
  • 电子资源
  • 读者导购
  • 参考咨询
  • 我的图书馆
  • 登录
  • 详细信息显示
  • 放入我的书架
  • 预约/预借图书
  • 作者相关作品
  • 分类相关作品
  • 丛书相关作品
  • 出版社相关作品

书目信息

  • 表格格式
  • 工作单格式
  • 卡片格式
题名:
教师招聘考试
    
 
作者: ;粉笔教师 编著
分册: 上册   中学说课
出版信息: 北京   新华出版社  2017
页数: 2册(184;193页)
开本: 26cm
丛书名:
单 册:
中图分类: G451.1 , G451.1-44
科图分类:
主题词: 教师--招聘--考核--自学参考资料 , 教师--招聘--考核--题解
电子资源:
ISBN: 978-7-5166-3186-7
000 00895nam0 2200265 450
001 1770
005 20180524143930.20
010    @a978-7-5166-3186-7@dCNY57.00
100    @a20170905d2017 em y0chiy50 ea
101 0  @achi
102    @aCN@b110000
105    @ay zq 000yy
200 1  @a教师招聘考试@9jiao shi zhao pin kao shi@e文综真题解析@h上册@i中学说课@f粉笔教师编著
210    @a北京@c新华出版社@d2017
215    @a2册(184;193页)@d26cm
330    @a本书收录了教师招聘考试中学文综说课的真题和解析,内容包括初中思想品德、初中历史、初中地理等。
517 1  @a文综真题解析@Awen zong zhen ti jie xi
517 1  @a中学说课@Azhong xue shuo ke
606 0  @a教师@x招聘@x考核@j自学参考资料
606 0  @a教师@x招聘@x考核@j题解
690    @aG451.1@v5
690    @aG451.1-44@v5
711 02 @a粉笔教师@9fen bi jiao shi@4编著
801  0 @aCN@b91MARC@c20170905
905    @aMuseLib@dG451.1@e242:1
    
    教师招聘考试:文综真题解析.上册.中学说课/粉笔教师编著.-北京:新华出版社,2017
    2册(184;193页);26cm
    
    
    ISBN 978-7-5166-3186-7:CNY57.00
    本书收录了教师招聘考试中学文综说课的真题和解析,内容包括初中思想品德、初中历史、初中地理等。
●
相关链接 在E读中查询图书 在五车中查询图书 在当当中查询图书 在豆瓣中查询图书


正题名:教师招聘考试     索取号:G451.1/242:1         预约/预借

序号 登录号 条形码 馆藏地/架位号 状态 备注
1 1106469   211064694   第一样本阅览室/ [索取号:G451.1/242:1] 在馆    
2 1106470   211064701   教育系资料室/ [索取号:G451.1/242:1] 在馆    
3 1106471   211064710   教育系资料室/ [索取号:G451.1/242:1] 在馆    
4 1106472   211064729   教育系资料室/ [索取号:G451.1/242:1] 在馆    
5 1106473   211064738   第四借阅区/ [索取号:G451.1/242:1] 在馆    
6 1106474   211064747   第四借阅区/ [索取号:G451.1/242:1] 在馆    
唐山师范学院图书馆 欢迎您!
大连网信软件有限公司© 版权所有